000 00262nam a22001217a 4500
008 180301b xxu||||| |||| 00| 0 eng d
041 _aeng
080 _a34
100 _a16
101 _aHIS
245 _aAMERICAN HISTORICAL
_cADAMS.G.B
942 _2udc
_cBK
999 _c43880
_d43880